书目信息 |
| 题名: |
哇,找到啦!
|
|
| 作者: | 强奇 著 ;王亦庄 译 | |
| 分册: | ||
| 出版信息: | 北京 科学技术文献出版社 2014 |
|
| 页数: | 201页 | |
| 开本: | 24cm | |
| 丛书名: | ||
| 单 册: | ||
| 中图分类: | N1-49 , N19-49 | |
| 科图分类: | ||
| 主题词: | 创造发明--普及读物--世界 | |
| 电子资源: | ||
| ISBN: | 978-7-5023-8551-4 | |
| 000 | 00878nam0 2200265 450 | |
| 001 | 1658 | |
| 005 | 20161130141044.76 | |
| 005 | 20140605142620 | |
| 010 | @a978-7-5023-8551-4@dCNY29.80 | |
| 100 | @a20140530d2014 em y0chiy0110 ea | |
| 101 | 1 | @achi@cita |
| 102 | @aCN@b110000 | |
| 105 | @aa z 000yy | |
| 200 | 1 | @a哇,找到啦!@9wa, zhao dao la!@e改变人类生活的100项发明@f(意)Antonio Cianci著@g王亦庄译 |
| 210 | @a北京@c科学技术文献出版社@d2014 | |
| 215 | @a201页@c图@d24cm | |
| 330 | @a创造发明·世界·普及读物 | |
| 517 | 1 | @a改变人类生活的100项发明@9gai bian ren lei sheng huo de 100 xiang fa ming |
| 606 | 0 | @a创造发明@j普及读物@y世界 |
| 690 | @aN1-49@v5 | |
| 690 | @aN19-49@v4 | |
| 701 | 0 | @a强奇@9qiang qi@c(意)@c(Cianci, A.)@4著 |
| 702 | 0 | @a王亦庄@9wang yi zhuang@4译 |
| 801 | 0 | @aCN@b大连网信软件有限公司图书馆·11@c20161130 |
| 905 | @aZUCC@dN1-49@e103 | |
| 哇,找到啦!:改变人类生活的100项发明/(意)Antonio Cianci著/王亦庄译.-北京:科学技术文献出版社,2014 |
| 201页:图;24cm |
| ISBN 978-7-5023-8551-4:CNY29.80 |
| 创造发明·世界·普及读物 |
| ● |
| 相关链接 |
|
|
|
|
正题名:哇,找到啦!
索取号:N1-49/103
 
预约/预借
| 序号 | 登录号 | 条形码 | 馆藏地/架位号 | 状态 | 备注 |
| 1 | 909322 | 209093229 | 第二样本阅览室/ [索取号:N1-49/103] | 在馆 | |
| 2 | 909323 | 209093238 | 第三借阅区/ [索取号:N1-49/103] | 在馆 | |
| 3 | 909324 | 209093247 | 第三借阅区/ [索取号:N1-49/103] | 在馆 | |
| 4 | 909325 | 209093256 | 第三借阅区/ [索取号:N1-49/103] | 在馆 | |
| 5 | 909326 | 209093265 | 第三借阅区/ [索取号:N1-49/103] | 在馆 |